000 00943nam a2200241 a 4500
001 000024244
003 DO-SdBNP
005 20240229073820.0
008 090903s2010 dr r 000 0 spa d
040 _aDO-SdBNP
_bspa
_cBNPHU
082 _a348.044
_bR426p, 2009
110 1 _aRepública Dominicana.
_bSuprema Corte de Justicia
_97906
245 1 0 _aPrincipales sentencias de la Suprema Corte de Justicia :
_baño 2009 /
_cpresentación Jorge A. Subero Isa.
260 _aSanto Domingo :
_bSuprema Corte de Justicia,
_c2010.
300 _a751 p. ;
_c23 cm.
590 _aInventariado, 2018/BT
610 1 4 _aREPÚBLICA DOMINICANA.
_bSUPREMA CORTE DE JUSTICIA
_97906
650 4 _aJurisprudencia
_xRecopilaciones, repertorios, etc.
_zRepública Dominicana
_919125
650 4 _aSentencias
_zRepública Dominicana
_919124
700 1 _aSubero Isa, Jorge A.,
_d1947-
_976863
910 _aValidado. Control de calidad. MMOLINA
942 _2ddc
_cLBS1
999 _c23738
_d23738